000 00671nam a2200217 i 4500
001 79029
003 ES-MaACL
005 20250626202343.0
007 t|
008 041019s1968 sp ||||1| spa d
100 1 _aHeintz, Peter.
_962389
245 1 4 _aLos prejuicios sociales :
_bun problema de la personalidad, de la cultura y de la sociedad /
_cPeter Heintz.
260 _aMadrid :
_bTecnos,
_c[1968]
300 _a171 p. ;
_c23 cm.
490 1 _aSemilla y surco. SociologĂ­a
650 4 _aPrejuicios.
_9158434
830 1 0 _aSemilla y surco.
_pSerie de sociologĂ­a
_9180377
852 _aES-MaACL
_jC-37101
942 _2udc
999 _c79029
_d79029